000 01210cam a2200325 i 4500
999 _c59011
_d59011
001 59011
003 Mx-PuUPA
005 20191008160342.0
008 140415s2006 sp a r 000 0 spa d
020 _a8441322325
040 _aMx-PuUPA
_bspa
_cMx-PuUPA
_dMx-PuUPA
_erda
041 0 _aspa
245 0 0 _aHistoria de las religiones :
_borigen y desarrollo de las religiones /
_cedición, Elisabetta Bovo ; colaboradores, Alessandro Arcangeli, Andrea Baffeti, Elisabetta Bovo [y otros diez]
264 4 _aBarcelona :
_bEdiciones Folio,
_c©2006
300 _a179 páginas :
_bilustraciones ;
_c31 cm.
336 _2rdacontent
_atexto
_btxt
337 _2rdamedia
_asin medio
_bn
338 _2rdacarrier
_avolumen
_bnc
490 0 _aGrandes Libros de la Religión
650 4 _aReligiones
_xHistoria
650 4 _aReligiones
700 1 _aBovo, Elisabetta,
_eeditor
700 1 _aArcangeli, Alessandro,
_ecolaborador
_97880
700 1 _aBaffeti, Andrea,
_ecolaborador
700 1 _aBovo, Elisabetta,
_ecolaborador
942 _2ddc
_cLI
_h200.9
_iH673